000 01237cam a2200277 a 4500
003 EG-GiCUC
008 070225m19919999ku g 000 0 ara d
040 _aEG-GiCUC
_bara
_cEG-GiCUC
092 0 4 _a214.61743
_bW138 1991
_221
099 _a04
_a214.61743 W138 1991
100 1 _aالواعى : توفيق يوسف
245 1 2 _aالمرشد الاسلامى فى الفقه الطبى /
_cاعداد توفيق الواعى : احمد ابوالفضل : احمد رجائى الجندى ؛ اشراف و تقديم عبد الرحمن العوضى
260 _aالكويت :
_bالادارة العامة للبحوث والتأليف و الترجمة :
_c1991
300 _aمج ؛
_c20سم
440 0 _aسلسلة مطبوعات منظمة الطب الاسلامى
500 _aالمكتبة تقتنى الجزء الاول فقط
504 _aيشتمل على ارجاعات ببليوجرافية
650 7 _aالاسلام والجهاز الهضمى
_2qrmak
650 7 _aالاسلام والطب
_2qrmak
700 1 _aابو الفضل : احمد
700 1 _aالجندى : احمد رجائى
902 _a1
905 _aبلتاجى
_eمراجع
905 _aرضا
_eمدخل
942 _2ddc
_cBK
999 _c92645
_d92645